00439nam a22001337a 4500003000500000038001800005082000800023100002200031245009300053264003500146650003100181700003500212856005800247NUST aNusrat Nadeem a200 aKhattak, Javeria  aIntelligent Control Of Renewable Energy-Powered Tethered UAV Systems/c Javeria Khattak, aIslamabad:bSEECS NUST.c2025. aMS-Electrical Engineering  aSupervisor: Dr. Muhammad Imran u http://10.250.8.41:8080/xmlui/handle/123456789/57201